000 02986cam a2200589Ia 4500
999 _c104
_d104
001 630748477
003 OCoLC
005 20190726091804.0
008 100525p20042002nyuj j 000 1 eng d
010 _a 2001256594
020 _a9780689852237
_q(pbk.)
020 _a0689852231
_q(pbk.)
035 _a(OCoLC)630748477
_z(OCoLC)519870333
_z(OCoLC)864453994
_z(OCoLC)1011006747
040 _aNYP
_beng
_cNYP
_dJST
049 _aNYPP
082 0 4 _aFIC FAR
_221
091 _aFIC
100 1 _aFarmer, Nancy,
_d1941-
_eauhtor
245 1 4 _aThe house of the scorpion /
_cNancy Farmer.
250 _a1st Atheneum books for Young Readers pbk. ed.
260 _aNew York :
_bAtheneum Books for Young Readers,
_c[2004], ℗♭2002.
300 _a380 pages :
_bgenealogical table ;
_c21 cm.
336 _atext
_btxt
_2rdacontent.
337 _aunmediated
_bn
_2rdamedia.
338 _avolume
_bnc
_2rdacarrier.
500 _aIncludes author's note and a reading group guide.
505 0 _aYouth: 0 to 6: In the beginning -- Little house in the poppy fields -- Property of the Alacr©Łn estate -- Mar©Ưa -- Prison -- Middle age: 7 to 11 -- El Patr©đn -- Teacher -- Eejit in the dry field -- Secret passage -- Cat with nine lives -- Giving and taking of gifts -- Thing on the bed -- Lotus pond -- Celia's story -- Old age: 12 to 14 -- Starved bird -- Brother wolf -- Eejit pens -- Dragon hoard -- Coming-of-age -- Esperanza -- Blood wedding -- Betrayal -- Age 14: Death -- Final good-bye -- Farm patrol -- La vida nueva: Lost boys -- Five-legged horse -- Plankton factory -- Washing a dusty mind -- When the whales lost their legs -- Ton-Ton -- Found out -- Boneyard -- Shrimp harvester -- El D©Ưa de los Muertos -- Castle on the hill -- Homecoming -- House of eternity.
520 _aIn a future where humans despise clones, Matt enjoys special status as the young clone of El Patr©đn, the 142-year-old leader of a corrupt drug empire nestled between Mexico and the United States.
521 _a12 up
586 _aWinner of National Book Award.
586 _aNewbery Honor Book.
586 _aMichael L. Printz Award for Excellence in Young Adult Literature Honor Book.
650 0 _aHuman cloning
_vJuvenile fiction.
650 7 _aHuman cloning.
_2fast
_0(OCoLC)fst00962924.
650 7 _aScience fiction.
_2fast
_0(OCoLC)fst01108566.
650 1 _aCloning
_vFiction.
655 7 _aYoung adult fiction.
_2fast
_0(OCoLC)fst01183080.
655 7 _aFiction.
_2fast
_0(OCoLC)fst01423787.
655 7 _aJuvenile works.
_2fast
_0(OCoLC)fst01411637.
655 7 _aScience fiction.
_2fast
_0(OCoLC)fst01726489.
655 7 _aYoung adult works.
_2fast
_0(OCoLC)fst01726790.
655 7 _aScience fiction.
_2lcgft.
655 7 _aYoung adult fiction.
_2lcgft.
700 _aGordon, Russell
_eCover designer
901 _aMARS
901 _akts
_bCATBL
901 _awzh
_bCMA
_cCATBL
908 4 _aPZ7.F23814
942 _2ddc
_cFIC
945 _a.o24399103
946 _am